000 00706nam a2200217 i 4500
001 bg
245 0 0 _aKonstytucja Rzeczypospolitej Polskiej z dnia 2 września 1997 r. :
_bwybór źródeł /
_coprac. Dariusz Dudek.
250 _aStan prawny na dzień 1 października 1997 r.
260 _aLublin :
_bLubelskie Wydawnictwa Prawnicze,
_c1997.
300 _a499, [1] s. ;
_c21 cm.
650 9 _aPrawo państwowe
_zPolska
_ystan na 1997 r.
651 9 _aPolska
_xkonstytucja 1997 r.
700 1 _aDUDEK, Dariusz.
_eOprac.
020 _a838557557X
040 _cBPK
041 0 _apl
080 _a342.4(438)(094.4)
920 _a83-85575-57-X
942 _cKS
008 s pl f |000 0 pol
999 _c33277
_d33277
856 _uhttp://koha.tu.koszalin.pl/cgi-bin/koha/opac-detail.pl?biblionumber=33277
_yKatalog online BPK